<?xml version="1.0" encoding="UTF-8"?><?xml-stylesheet type="text/xsl" href="static/style.xsl"?><OAI-PMH xmlns="http://www.openarchives.org/OAI/2.0/" xmlns:xsi="http://www.w3.org/2001/XMLSchema-instance" xsi:schemaLocation="http://www.openarchives.org/OAI/2.0/ http://www.openarchives.org/OAI/2.0/OAI-PMH.xsd"><responseDate>2026-06-29T02:40:10Z</responseDate><request verb="GetRecord" identifier="oai:docta.ucm.es:20.500.14352/95707" metadataPrefix="marc">https://docta.ucm.es/rest/oai/request</request><GetRecord><record><header><identifier>oai:docta.ucm.es:20.500.14352/95707</identifier><datestamp>2025-03-18T15:15:09Z</datestamp><setSpec>com_20.500.14352_14</setSpec><setSpec>col_20.500.14352_15</setSpec></header><metadata><record xmlns="http://www.loc.gov/MARC21/slim" xmlns:dcterms="http://purl.org/dc/terms/" xmlns:xsi="http://www.w3.org/2001/XMLSchema-instance" xmlns:doc="http://www.lyncode.com/xoai" xsi:schemaLocation="http://www.loc.gov/MARC21/slim http://www.loc.gov/standards/marcxml/schema/MARC21slim.xsd">
   <leader>00925njm 22002777a 4500</leader>
   <datafield ind2=" " ind1=" " tag="042">
      <subfield code="a">dc</subfield>
   </datafield>
   <datafield ind2=" " ind1=" " tag="720">
      <subfield code="a">Montesi, Michela</subfield>
      <subfield code="e">author</subfield>
   </datafield>
   <datafield ind2=" " ind1=" " tag="260">
      <subfield code="c">2022</subfield>
   </datafield>
   <datafield ind2=" " ind1=" " tag="520">
      <subfield code="a">Purpose: The purpose of this research is to understand everyday information behavior (IB) during the Covid-19 pandemic at the “new normal” stage, focusing on the notions of experiential knowledge (EK), i.e. knowledge acquired by first-hand experience or in personal interactions, and local knowledge (LK) as perception of local environment. Design/methodology/approach: Seventeen interviews were carried out in February–May 2021, in a district of the city of Madrid (Spain). Interview transcripts were analyzed according to grounded theory, to identify major and complementary themes of EK and LK. Findings: Participants’ stories show that EK cooperated with information originating from government, scientific authorities and mainstream media, in patterns of convergence and divergence. While convergence produces “thick knowledge” (knowledge perceived as solid, real and multidimensional), divergence leads to uncertainty and collaboration, but it also supports a critical stance on authorities’ information. In addition, participants’ perceptions of LK emphasize its human component. LK and EK are exchanged both explicitly and tacitly. Originality/value: The paper presents the first approach to understanding EK and LK and their function during the health crisis, characterizing them as alternative information systems and as topics deserving major attention in research on IB and crisis management.</subfield>
   </datafield>
   <datafield ind1="8" ind2=" " tag="024">
      <subfield code="a">Montesi, Michela. «Everyday Information Behavior during the “New Normal” of the Covid-19 Pandemic: Approaching the Notions of Experiential and Local Knowledge». Journal of Documentation, vol. 79, n.o 1, enero de 2023, pp. 160-82. https://doi.org/10.1108/JD-03-2022-0056.</subfield>
   </datafield>
   <datafield ind1="8" ind2=" " tag="024">
      <subfield code="a">0022-0418</subfield>
   </datafield>
   <datafield ind1="8" ind2=" " tag="024">
      <subfield code="a">10.1108/JD-03-2022-0056</subfield>
   </datafield>
   <datafield ind1="8" ind2=" " tag="024">
      <subfield code="a">https://hdl.handle.net/20.500.14352/95707</subfield>
   </datafield>
   <datafield ind1="8" ind2=" " tag="024">
      <subfield code="a">https://doi.org/10.1108/JD-03-2022-0056</subfield>
   </datafield>
   <datafield ind2="0" ind1="0" tag="245">
      <subfield code="a">Everyday information behavior during the “new normal” of the Covid-19 pandemic: approaching the notions of experiential and local knowledge</subfield>
   </datafield>
</record></metadata></record></GetRecord></OAI-PMH>